Normal view
MARC view
- الهابط،محمد السيد
Entry Personal Name
001 - CONTROL NUMBER
- control field: 8139
003 - CONTROL NUMBER IDENTIFIER
- control field: JO-AjAnu
005 - DATE AND TIME OF LATEST TRANSACTION
- control field: 20230606071619.0
008 - FIXED-LENGTH DATA ELEMENTS
- fixed length control field: 230606|| aca||aabn | a|a d
040 ## - CATALOGING SOURCE
- Original cataloging agency: JO-AjAnu
- Transcribing agency: JO-AjAnu
100 ## - HEADING--PERSONAL NAME
- Personal name: الهابط،محمد السيد
670 ## - SOURCE DATA FOUND
- Source citation: Work cat.: (JO-AjAnu)4205: الهابط،محمد السيد, author, دعائم صحة الفرد النفسية :الامراض النفسية-الامراض العقلية-مشكلات الاطفال وعلاجها-كيف يحافظ الفرد على صحة نفسه